El partido Liberacón Nacional Reflexiones en torno a su reforma en un sistema político en transición
Gardado en:
| Autor Principal: | |
|---|---|
| Outros autores: | |
| Formato: | Libro |
| Idioma: | Spanish |
| Series: | Documentos de Trabajo / Friedrich Ebert Stiftung
|
| Materias: | |
| Etiquetas: |
Engadir etiqueta
Sen Etiquetas, Sexa o primeiro en etiquetar este rexistro!
|
MARC
| LEADER | 00000nam a22000007a 4500 | ||
|---|---|---|---|
| 003 | cru CIDCACS/IIS | ||
| 005 | 20231207165208.0 | ||
| 007 | ta | ||
| 008 | 170503b2004 cr ||||| |||| 00| 0 spa d | ||
| 040 | |c cru CIDCACS/IIS |a cru CIDCACS/IIS | ||
| 090 | |a 04.04.02 S687p | ||
| 100 | 1 | |9 4445 |a Solís Rivera, Luis Guillermo | |
| 245 | |a El partido Liberacón Nacional |b Reflexiones en torno a su reforma en un sistema político en transición | ||
| 300 | |a 72 páginas | ||
| 440 | 0 | |9 2525 |a Documentos de Trabajo / Friedrich Ebert Stiftung | |
| 650 | 1 | 0 | |9 413 |a PARTIDOS POLITICOS |0 TESAUROS |
| 650 | 1 | 0 | |9 4431 |a CAMBIO POLITICO |0 TESAUROS |
| 650 | 1 | 0 | |9 4450 |a REFORMA POLITICA |0 TESAUROS |
| 650 | 1 | 0 | |9 4455 |a PARTIDO LIBERACION NACIONAL |0 TESAUROS |
| 700 | 1 | |9 4446 |a Alpízar, Felipe | |
| 942 | |2 z |c LI |h 04.04.02 S687p |i 02904 |6 040402_S687P_02904 | ||
| 999 | |c 19257 |d 19257 | ||
